[Event "1. Bamberg-Open 2018"]
[Site "Bamberg"]
[Date "2018.05.11"]
[Round "4"]
[White "Hovsepyan, Vardan"]
[Black "Berthold, Andreas"]
[Result "1-0"]
[WhiteElo "2244"]
[BlackElo "2138"]
[Annotator "TA"]
[PlyCount "92"]
[EventDate "2018.??.??"]
[EventType "swiss"]
[EventCountry "GER"]
[SourceTitle "playchess.com"]
[Source "ChessBase"]
[SourceQuality "1"]

{[%evp 22,92,-10,-22,-9,-15,-10,-15,-6,-10,-9,-8,0,0,19,16,17,12,21,20,20,20,33,21,35,16,25,12,14,18,82,77,83,75,101,101,96,102,105,104,108,93,94,114,100,5,6,5,5,17,19,18,24,5,5,5,5,5,77,32,48,60,262,262,257,240,229,235,238,231,381,392,364]} 1. e4 c5 2. Nc3 e6 3. Nge2 Nc6 4. d4 cxd4 5. Nxd4 Qc7 6. Be2 a6 7. O-O b5 8. a3 Bb7 9. Kh1 {B47: Sicilian: Taimanov: 5 Nc3 Qc7 6 f4, 6 g3 and 6 Be2} (9. Be3 Nf6 10. f4 Nxd4 11. Qxd4 h5 12. Rad1 Rc8 13. h3 h4 14. Rfe1 Bc5 15. Qxc5 Qxc5 16. Bxc5 Rxc5 17. Bf3 e5 18. fxe5 Rxe5 {0-1 (84) Lewicki,M (2404)-Bosiocic,M (2624) Katowice 2017}) 9... Nf6 10. f4 Nxd4 11. Qxd4 Bc5 12. Qd3 {LiveBook: 14 Games} O-O 13. e5 Nd5 ({Reject} 13... Qc6 $6 14. Bf3 $16) 14. Ne4 Be7 15. c3 $146 ({Predecessor:} 15. Qh3 f5 16. exf6 Nxf6 17. Nxf6+ Rxf6 18. Bd3 Rh6 19. Qg3 Rf8 {½-½ (47) Anarkulov,A (1805)-Collutiis,D (2345) Malente 2004}) 15... f6 16. exf6 Nxf6 17. Nxf6+ Bxf6 18. Be3 Bd5 19. Rad1 Bc4 20. Qd2 Bxe2 21. Qxe2 Rf7 22. Qd3 Qc4 23. Rf2 g6 24. Qxc4 bxc4 25. Rd6 Rb8 (25... Kf8 $11 {remains equal.}) 26. g3 $16 a5 27. Rfd2 Rb5 28. a4 Rb7 29. Kg2 Bd8 30. h4 Kf8 31. Ra6 Bc7 32. Bc5+ Kg7 33. Bd6 ({White should try} 33. Kh3 $16) 33... Bxd6 $11 34. Raxd6 {[%mdl 4096] Endgame KRR-KRR} Kf8 35. Kf3 Ke7 36. Ra6 Rf5 37. Ke4 h5 38. Ra8 Rc5 39. Ke3 Rf5 (39... Kf7 $11 {keeps the balance.}) 40. Rg8 Kf7 41. Rc8 d5 $2 {[#]} (41... Rd5 $1 $14) 42. Kd4 $1 $18 Ra7 43. Re2 Ke7 44. Rc6 Rf6 45. Kc5 Kd7 (45... Kf7 {might work better.} 46. Rd6 Re7) 46. Rd6+ Ke7 {Precision: White = 66%, Black = 37%.} 1-0

[Event "1. Bamberg-Open 2018"]
[Site "Bamberg"]
[Date "2018.05.11"]
[Round "4"]
[White "Tscharotschkin, Michael"]
[Black "Link, Oliver"]
[Result "1-0"]
[WhiteElo "2219"]
[BlackElo "2127"]
[Annotator "TA"]
[PlyCount "54"]
[EventDate "2018.??.??"]
[EventType "swiss"]
[EventCountry "GER"]
[SourceTitle "playchess.com"]
[Source "ChessBase"]
[SourceQuality "1"]

{[%evp 12,54,23,23,41,-4,23,0,43,26,35,42,105,102,163,147,148,151,166,155,152,149,146,160,153,111,121,108,106,100,144,162,130,58,77,47,49,48,131,119,270,53,427,420,401]} 1. d4 f5 2. c4 Nf6 3. Nc3 e6 4. Nf3 c6 5. e3 d5 6. Ne5 Bd6 {A85: Dutch Defence: 2 c4 Nf6 3 Nc3} 7. f4 {LiveBook: 57 Games} (7. Be2 O-O 8. O-O b6 9. Rb1 Bb7 10. b4 Ne4 11. Nxe4 fxe4 12. f4 exf3 13. Nxf3 Nd7 14. c5 Bc7 15. e4 a5 16. Ng5 Rxf1+ 17. Qxf1 {1-0 (69) Jakovenko,D (2735)-Can,E (2535) Reykjavik 2015}) 7... Nbd7 8. cxd5 $146 ({Predecessor:} 8. c5 Bc7 9. b4 Nxe5 10. fxe5 Ne4 11. Nxe4 fxe4 12. Qh5+ g6 13. Qh6 Qe7 14. Be2 {1-0 (40) Lofgren,C (2102)-Overgaard,J (1800) Helsingor 2015}) 8... cxd5 {The position is equal.} 9. Bd3 Qe7 10. O-O {[%cal Bh1f1,Bf1f2,Bf2c2,Bc2c5,Bc5c7][%mdl 32]} O-O 11. Nb5 Bb8 {[#]} (11... Ne4 $14) 12. b3 $1 $16 Ne8 (12... Qd8 $16) 13. Ba3 $36 {[%mdl 2048] Keeping Black busy.} Nd6 14. Rc1 Nf6 15. Rf2 {And now Rfc2 would win.} a6 16. Nxd6 Bxd6 17. Bxd6 Qxd6 18. Rfc2 Bd7 19. Rc5 Rfc8 20. Qc2 Rcb8 21. h3 Be8 22. Qf2 ({Better is} 22. g4 $16) 22... Nd7 $14 23. Rc7 {Strongly threatening Qh4.} Nxe5 24. fxe5 Qf8 (24... Qd8 $1 $14) 25. g4 $16 {[%cal Rg4f5]} Bc6 26. Qh4 $2 {[#]} (26. gxf5 $18 Qd8 27. R7xc6 bxc6 28. Rxc6) 26... h6 $2 {[%mdl 8192]} (26... Rc8 $14 27. Rxc8 Rxc8) 27. gxf5 $18 exf5 {Precision: White = 51%, Black = 37%.} 1-0

[Event "1. Bamberg-Open 2018"]
[Site "Bamberg"]
[Date "2018.05.11"]
[Round "4"]
[White "Wagner, Florian"]
[Black "Chatalbashev, Boris"]
[Result "1/2-1/2"]
[WhiteElo "2197"]
[BlackElo "2561"]
[Annotator "TA"]
[PlyCount "105"]
[EventDate "2018.??.??"]
[EventType "swiss"]
[EventCountry "GER"]
[SourceTitle "playchess.com"]
[Source "ChessBase"]
[SourceQuality "1"]

{[%evp 18,105,12,-14,51,30,29,7,16,0,15,9,28,0,43,42,51,50,73,73,60,70,62,32,32,19,40,0,0,0,0,-27,0,0,0,0,19,0,0,0,0,-39,-37,-97,-85,-170,-151,-187,-183,-161,-97,-78,-65,-61,-45,-41,-48,-76,-76,-87,-73,-62,-54,-152,-135,-131,-101,-131,-40,-95,-17,-12,25,27,33,33,35,44,40,45,125,21,11,0,129,0,13,0,122,-14]} 1. d4 Nf6 2. c4 g6 3. Nf3 Bg7 4. g3 d5 5. cxd5 Nxd5 6. Bg2 Nb6 7. O-O Nc6 8. e3 O-O 9. Nc3 Re8 10. Nd2 {LiveBook: 18 Games. D76: Fianchetto Grünfeld: Main Line with 7...Nb6} (10. a3 e5 11. d5 Na5 12. Qc2 c6 13. b4 Nac4 14. dxc6 bxc6 15. Rd1 Bf5 16. e4 Bd7 17. Na4 Nxa4 18. Qxc4 {½-½ (50) Le,Q (2737)-Ivanchuk,V (2726) Huaian 2017}) 10... a5 (10... e5 $11) 11. Nb3 $146 ({Predecessor:} 11. b3 e5 12. d5 e4 13. dxc6 Bxc3 14. Rb1 f5 15. Qc2 Qf6 16. cxb7 Bxb7 17. Bb2 Nd5 {0-1 (41) Hudolin,K (2065)-Trbojevic,M (2290) Croatia 2009}) 11... e6 12. Qe2 {White has an edge.} Qe7 13. Rd1 a4 14. Nd2 $1 Rd8 15. Nc4 Nxc4 16. Qxc4 Qb4 17. Qb5 Ra5 18. Qxb4 Nxb4 19. Bd2 Ra6 20. Bf1 {Threatens to win with a3.} Ra8 $1 21. Nb5 Nd5 22. Rac1 ({White should try} 22. e4 $14 c6 23. Na3) 22... c6 $11 23. Na3 $1 e5 24. dxe5 Bg4 25. Re1 Bxe5 26. Nc4 Nf6 27. Bb4 Nd7 $1 28. Be7 Re8 29. Ba3 b5 30. h3 (30. Nxe5 $15 Nxe5 31. Be2) 30... Be6 $1 $17 31. Nd6 (31. Nxe5 $17 {was called for.} Nxe5 32. Red1) 31... Reb8 $1 $19 {aiming for ...b4.} 32. f4 b4 33. fxe5 bxa3 (33... Nxe5 $19 {...Nf3+ is the strong threat.} 34. Re2 Bxa2) 34. bxa3 $17 Nxe5 35. Re2 $1 Ra6 36. Rc5 Nd7 37. Rc3 Rb1 38. Kf2 Ne5 39. Rec2 Rab6 40. Bg2 {[#]} (40. g4 $15) 40... c5 $1 {[%cal Bc6c5,Bc5c4][%mdl 544]} 41. Ne4 {[#]} (41. Rxc5 Nd3+) 41... c4 $1 {White must now prevent ...Nd3+.} 42. Nc5 R6b2 (42... h5 $17 43. Ke2 Kg7 44. Nxa4 Rd6) 43. Bf1 {[#]} (43. Nxe6 $15 fxe6 44. Be4) 43... Bd5 ({Black should play} 43... Rc1 $1 $17 {[%cal Rc1c2]} 44. Rxb2 Rxc3 45. Nxe6 fxe6) 44. e4 $11 Rb6 45. exd5 Rf6+ 46. Ke3 Rfxf1 47. Kd4 f6 {And now ...Rbd1+ would win.} 48. Nxa4 {Strongly threatening Nb2.} Rb5 (48... Rb8 $14) 49. Rc1 ({White has to play} 49. Nb2 $16) 49... Rf2 50. R1c2 $36 {[%mdl 2048] White fights for an advantage.} (50. Rd1 $11) 50... Rf1 $16 51. Rc1 (51. Nb2 $16) 51... Rf2 $11 52. R1c2 (52. Rd1 $11) 52... Rf1 $16 53. Ke3 {Precision: White = 34%, Black = 43%.} (53. Nb2 $16) 1/2-1/2

[Event "1. Bamberg-Open 2018"]
[Site "Bamberg"]
[Date "2018.05.11"]
[Round "4"]
[White "Dettmann, Gerd"]
[Black "Wolf, Pablo"]
[Result "1-0"]
[WhiteElo "2163"]
[BlackElo "1921"]
[Annotator "TA"]
[PlyCount "179"]
[EventDate "2018.??.??"]
[EventType "swiss"]
[EventCountry "GER"]
[SourceTitle "playchess.com"]
[Source "ChessBase"]
[SourceQuality "1"]

{[%evp 20,179,-18,-27,-20,-19,0,1,37,-1,19,29,15,7,13,18,154,97,167,122,130,122,100,89,191,141,188,122,225,232,226,235,214,69,62,73,101,-41,-31,-33,44,33,24,31,47,0,0,-66,10,-5,8,0,39,0,7,-61,0,-62,24,0,0,0,48,66,119,113,129,45,32,-220,-209,-266,-295,-445,-226,-247,0,0,0,0,0,0,0,0,0,0,0,0,28,35,43,43,80,0,123,0,1,0,8,8,8,8,123,123,123,8,8,8,8,8,42,43,43,43,43,43,43,35,8,8,43,43,43,50,50,50,64,61,2140,2276,2301,2041,4686,3582,29981,29982,29987,29988,29988,29989,29992,29988,29992,29989,29992,29989,29991,170,29985,29986,29989,29985,29986,170,170,8,29980,29981,29994,29989,29989,29988]} 1. e4 c5 2. Nf3 d6 3. d4 cxd4 4. Nxd4 Nf6 5. Nc3 a6 6. Bg5 e6 7. Qd2 Be7 8. O-O-O b5 9. Bd3 Bb7 10. f3 Nbd7 11. h4 {LiveBook: 4 Games. B95: Sicilian Najdorf: 6 Bg5 e6, unusual White 7th moves} Qb6 $146 ({Predecessor:} 11... Ne5 12. g4 b4 13. Nce2 d5 14. Qe3 Qc7 15. Kb1 dxe4 16. Bxf6 Bxf6 17. Bxe4 Nc4 18. Qd3 Ne5 {½-½ (18) Shukh,N (2429)-Vorobiov,E (2565) St Petersburg 2010}) 12. Be3 Nc5 13. Kb1 {The position is equal.} b4 14. Nce2 (14. Na4 $5 Qa5 15. Nxc5 dxc5 16. Nb3 $14) 14... Qc7 15. g4 Rc8 16. h5 $36 {[%mdl 2048] White is pushing.} Nfd7 17. g5 d5 (17... Ne5 $11) 18. g6 (18. exd5 $142 Bxd5 19. Nf4) 18... dxe4 (18... hxg6 $16 19. hxg6 Rxh1 20. Rxh1 Ne5) 19. gxf7+ $18 Kxf7 20. fxe4 Nxe4 21. Qe1 Ndf6 (21... Ndc5 $16) 22. Rg1 Rhg8 23. Ng3 (23. Nf4 $18) 23... e5 (23... Nc5 $16) 24. Ndf5 Nxg3 25. Qxg3 e4 26. Qxc7 ({Only move:} 26. Bf4 $18 Qc5 27. Nd6+ Bxd6 28. Bxd6 Qxh5 29. Rde1) 26... Rxc7 $14 27. Be2 Bc8 28. Nd4 (28. Nxe7 $16 Kxe7 29. Bd2) 28... Rd8 $15 29. Rdf1 Bd6 (29... Bh3 $15) 30. Nf5 Bxf5 $1 31. Rxf5 Rc6 $1 32. b3 Ke6 33. Rf2 (33. Ra5 $11 Bc7 34. Rxa6 Rxa6 35. Bxa6) 33... Rd7 (33... Be5 $1 $15) 34. Bc4+ (34. Bf1 {keeps more tension.} Rdc7 35. h6 g6 36. Bd4 Nd5 37. Bh3+) 34... Rxc4 35. bxc4 Nxh5 36. Rd2 Rf7 37. Bd4 (37. Rd5 $11 Bf4 38. Rxh5 Bxe3 39. Re1) 37... Nf6 (37... Bf4 $15 38. Rdg2 Rc7) 38. Kb2 (38. Rf2 $11) 38... Be5 (38... h5 $15) 39. Kb3 Bxd4 40. Rxd4 $11 {[%mdl 4096] Endgame KRR-KRN} a5 (40... Ke5 $5 {[%cal Re5d4]} 41. Rd8 Kf4 $11) 41. Rg5 h5 (41... h6 $14 42. Rxa5 g5) 42. Rxa5 $16 e3 {Hoping for ...e2.} 43. Rd3 (43. Rd1 $1 $16) 43... Ng4 $14 {White must now prevent ...e2.} 44. Ra6+ $2 {[%mdl 8192]} (44. Rd1 $14 {stays ahead.}) 44... Kf5 $19 {[%mdl 1024] Strongly threatening ...e2. Black has strong compensation.} 45. Rd5+ Ne5 46. Rd1 (46. Rg6 {was called for.} Kxg6 47. Rxe5) 46... Ke4 (46... e2 $142 47. Rh1 (47. Re1 $2 Nf3 $19) 47... Nf3 48. Ra5+ Kf4 49. Raxh5 g5) 47. Re6 Rf5 $2 (47... h4 $19 48. Kxb4 h3) 48. c5 $1 $11 ({Much weaker is} 48. Kxb4 e2 $17) 48... e2 49. Re1 $1 Kd5 50. Re8 $1 Nf3 51. R1xe2 Nd4+ 52. Kxb4 Nxe2 53. Rxe2 {KR-KR} Kc6 54. Re6+ Kd7 55. Rg6 Rf4+ 56. Kc3 ({Better is} 56. Kb5 $16) 56... Rf5 (56... Rf7 $11) 57. Kd4 (57. Rxg7+ $16 Kc6 58. Kb3) 57... Rf4+ 58. Ke5 Rf2 59. Rxg7+ Kc6 60. Kd4 {aiming for Rg6+.} Rd2+ (60... Rxc2 $11 61. Rg6+ Kc7) 61. Kc3 $16 Rd5 {[#]} 62. Rg6+ (62. Kb4 $1 $16) 62... Kxc5 $11 63. Rh6 Rg5 64. Kb3 {Black should prevent c3.} Kb5 65. c3 Ka5 66. a4 Rf5 67. Rh8 Rg5 68. Ra8+ Kb6 69. Kb4 {Threatening Rh8.} Kb7 70. Rh8 Ka6 71. Rh6+ Kb7 72. c4 Rf5 73. c5 {Threatens to win with Kb5.} Rg5 $2 {[%mdl 8192]} (73... Rf1 $14) 74. Kb5 $18 Rg7 75. Rxh5 Ka7 76. a5 {[%cal Ba4a5,Ba5a6][%mdl 32]} Kb7 77. a6+ Ka8 78. Kb6 Rg8 79. Rh7 Rc8 80. Rc7 {[%cal Rc7c8]} Rh8 81. Rd7 Rc8 82. Re7 Rh8 83. Kc7 $2 (83. c6 Rb8+ 84. Rb7 Re8 85. a7 Rf8 86. Ka6 Rh8 87. Rb6 Rg8 88. c7 Rh8 89. Rb8+ Rxb8 90. cxb8=R#) 83... Rc8+ $2 {[#]} (83... Ka7 $18 84. c6 Kxa6) 84. Kd6 $1 Kb8 85. Rb7+ Ka8 86. Rb4 $2 (86. Rd7 {mates} Rb8 87. c6 Rb6 88. Kd5 Rxa6 89. Rd8+ Ka7 90. c7 Ra5+ 91. Kc4) 86... Ka7 87. c6 $2 ({White should play} 87. Ra4 $18) 87... Kxa6 $2 {[%mdl 8192]} (87... Rg8 $11 88. Rc4 Kxa6) 88. c7 {White mates.} Ka7 89. Kd7 Rh8 90. c8=R {Precision: White = 39%, Black = 31%.} 1-0

[Event "1. Bamberg-Open 2018"]
[Site "Bamberg"]
[Date "2018.05.11"]
[Round "4"]
[White "Tong, Kevin"]
[Black "Gegenfurtner, Juergen"]
[Result "1/2-1/2"]
[WhiteElo "2158"]
[BlackElo "2289"]
[Annotator "TA"]
[PlyCount "142"]
[EventDate "2018.??.??"]
[EventType "swiss"]
[EventCountry "GER"]
[SourceTitle "playchess.com"]
[Source "ChessBase"]
[SourceQuality "1"]

{[%evp 14,142,42,31,52,45,53,45,68,53,48,22,59,23,17,24,37,5,59,15,65,18,34,0,20,7,13,0,8,5,11,3,32,17,27,19,45,11,50,24,34,34,56,38,52,37,70,39,110,47,118,49,142,43,111,24,27,24,24,24,34,0,93,103,108,101,110,24,181,177,200,184,235,154,156,0,0,0,0,0,442,374,418,70,211,0,37,42,42,18,166,182,164,160,240,156,344,366,367,367,577,557,581,560,481,166,168,163,164,164,164,173,165,13,14,0,0,0,10,1,13,13,13,13,13,13,14,14,14,14,18]} 1. e4 e5 2. Nf3 Nc6 3. Bc4 Bc5 4. c3 Nf6 5. d3 a6 6. O-O d6 7. Bb3 Bg4 {C54: Giuoco Piano: 4 c3 Nf6, main lines with 5 d4 and 5 d3} (7... Ba7 8. Re1 h6 9. Nbd2 Nh5 10. Nf1 Qf6 11. Ne3 Nf4 12. Nd5 Nxd5 13. exd5 Ne7 14. d4 exd4 15. Nxd4 O-O 16. Be3 {½-½ (101) Amin,B (2689)-Bu,X (2730) Riadh 2017}) 8. Nbd2 {[%cal Bb1d2,Bd2f1,Bf1g3,Bg3f5][%mdl 32] LiveBook: 7 Games} Qe7 9. Re1 h6 {White is slightly better.} 10. Nf1 Ba7 $146 ({Predecessor:} 10... Nh7 11. h3 Bh5 12. Ng3 Bg6 13. d4 Ba7 14. Ba4 O-O 15. Bxc6 bxc6 16. dxe5 dxe5 {½-½ (49) Haslinger,S (2506)-Hutchinson,P (2213) Halifax 2008}) 11. a4 O-O 12. h3 Be6 13. Ng3 Bxb3 14. Qxb3 Qe6 15. Qd1 Ne7 (15... Rad8 $11) 16. Nh4 Kh7 17. Nhf5 Nxf5 18. Nxf5 (18. exf5 {seems wilder.} Qd7 19. Qf3 c6 20. a5 Rfe8 21. Nh5) 18... Ng8 19. Ng3 (19. d4 {keeps more tension.} exd4 20. cxd4 d5 21. Ng3 Ne7 22. Bf4) 19... Ne7 20. Be3 Bxe3 21. Rxe3 a5 22. d4 Ra6 23. Qc2 f6 24. b3 g6 25. Rb1 h5 26. f3 h4 27. Nf1 Kg7 28. Nd2 Rh8 29. Rf1 Rh5 30. Qd3 d5 (30... g5 $14) 31. Rfe1 (31. dxe5 $1 $16 fxe5 32. f4) 31... Rg5 {[#]} (31... Qf7 $14) 32. Kh1 (32. f4 $1 $16 {[%mdl 512]} exf4 33. exd5 Qxe3+ 34. Rxe3 fxe3 35. Qxe3 Nxd5 36. Qe4) 32... Rd6 {[#]} (32... Qf7 $14) 33. R3e2 ({Better is} 33. f4 $1 $16 {[%mdl 512]} exd4 (33... exf4 34. exd5) 34. cxd4 (34. fxg5 dxe3 35. gxf6+ Qxf6 $16)) 33... Qd7 (33... Rd7 $14) 34. Qc2 ({White should play} 34. exd5 $16 {Ne4 is the strong threat.} Nxd5 35. dxe5 fxe5 36. Ne4) 34... exd4 $11 35. cxd4 Nc6 36. Qb2 Re6 37. f4 Rg3 (37... Rh5 $1 $11) 38. e5 $16 fxe5 39. fxe5 Nb4 {Threatening ...Nd3.} 40. Qb1 (40. Nf1 $1 $16 {[%cal Rf1g3]} Rg5 41. Qd2) 40... b5 $2 (40... Nd3 $11) 41. Rf1 bxa4 42. bxa4 Qxa4 (42... Nc6 $142) 43. Ref2 Qc2 44. Rf7+ $2 ({White has to play} 44. Qa1 $16 Nd3 45. Rf7+ Kh6 46. Qxa5) 44... Kh6 $11 45. Qe1 Nd3 46. Qe2 a4 $2 {[%mdl 8192]} (46... c5 $11 47. Rf8 cxd4 48. Rh8+ Kg7) 47. Rf8 $18 {aiming for R1f7.} Re7 48. Ra8 $2 (48. e6 $18 {Hoping for R1f7.} c6 49. R1f7 Qc1+ 50. Nf1) 48... a3 $1 $14 {[#]} 49. Rff8 $2 $40 {[%mdl 128] Black needs to defend precisely.} ({Stronger than} 49. Rxa3 c5 $11) (49. Rh8+ $1 $18 Kg7 50. Rxh4) 49... a2 {White should prevent ...Qc1+.} 50. Qf1 {Intending Rh8+ and mate.} Qc1 $1 {next ...Re3 is good for Black.} 51. Rxa2 {Threatens to win with Raa8.} Qxf1+ (51... c5 $11 {and Black stays safe.}) 52. Nxf1 $18 Rg5 53. Ne3 c6 (53... Nb4 $16) 54. Ng4+ Kg7 $2 {[#]} (54... Rxg4 $16 55. hxg4 Kg5) 55. Raa8 $1 Rxg4 56. hxg4 {[%mdl 4096] Endgame KRR-KRN} Kh6 (56... c5 {might work better.} 57. dxc5 Nxe5) 57. Rac8 c5 58. dxc5 Rxe5 59. Rf1 $2 (59. c6 Re1+ 60. Kh2) 59... d4 60. c6 {[%cal Bc5c6,Bc6c7][%mdl 32]} Rc5 61. c7 Kg5 62. Kg1 Rc2 63. Rd1 $2 ({White should try} 63. Rd8 $18 Rxc7 64. Rd5+ (64. Rxd4 Rc3 $18) 64... Kh6 65. g5+ (65. Rxd4 Ne5 $16) 65... Kh5 66. Rxd4) 63... Nf4 $11 {The position is equal.} 64. Re8 (64. Re1 {feels hotter.} d3 65. Rf1 d2 66. Rd8 Rxc7 67. Rxd2 Kxg4 68. Rf3) 64... Rxc7 65. Rxd4 Kxg4 66. Rd2 g5 67. Kh2 Rc3 68. Rg8 Rc5 69. Ra8 Rb5 70. Ra3 Rc5 71. Rb3 Re5 {Precision: White = 29%, Black = 39%.} 1/2-1/2

[Event "1. Bamberg-Open 2018"]
[Site "Bamberg"]
[Date "2018.05.11"]
[Round "4"]
[White "Huemmer, Bernd"]
[Black "Paehtz, Thomas"]
[Result "1/2-1/2"]
[WhiteElo "2141"]
[BlackElo "2353"]
[Annotator "TA"]
[PlyCount "133"]
[EventDate "2018.??.??"]
[EventType "swiss"]
[EventCountry "GER"]
[SourceTitle "playchess.com"]
[Source "ChessBase"]
[SourceQuality "1"]

{[%evp 16,133,-7,-19,0,-24,-17,-28,-29,-24,-20,-30,-8,-39,-34,-22,0,0,0,0,0,-47,-45,-53,-40,-44,-48,-50,-25,-46,-18,-85,-77,-87,-67,-66,-69,-83,-56,-92,-64,-70,-70,-85,-79,-260,-9,-25,-33,-34,-27,-13,472,400,554,548,533,487,548,536,535,540,540,530,545,541,754,737,667,529,513,516,655,652,662,660,638,645,641,629,785,656,29993,29994,29994,29995,29995,408,416,415,412,403,403,379,415,415,409,0,400,399,399,395,413,397,409,382,385,366,359,0,337,336,402,398,391,385,309,193,172,68]} 1. Nf3 Nf6 2. d4 c5 3. e3 g6 4. b3 Bg7 5. Bb2 O-O 6. Bd3 b6 7. O-O Bb7 8. Nbd2 {A48: 1 d4 Nf6 2 Nf3 g6: Torre, London and Colle Systems} Nc6 9. a3 {LiveBook: 10 Games} Qc7 10. Ra2 $146 {The position is equal.} ({Predecessor:} 10. Qe2 d5 11. dxc5 bxc5 12. c4 d4 13. exd4 Nh5 14. g3 cxd4 15. b4 e5 {0-1 (32) Bozovic,N (2256)-Djukic,N (2491) Cetinje 2009}) 10... d6 11. Qa1 cxd4 12. exd4 d5 13. Re1 $1 Rad8 14. Qd1 e6 15. Qe2 Nh5 16. g3 Nf6 {[%cal Bh5f6,Bf6d7,Bd7c5,Bc5e4][%mdl 32]} 17. Raa1 Nd7 18. h4 {[#]} Nc5 $1 {[%mdl 512]} 19. Bb5 (19. dxc5 Bxb2) 19... Ne4 (19... a6 $5 {[%cal Ra6b5]} 20. Bxc6 Qxc6 $15) 20. Bd3 f5 {[%cal Bf7f5,Bf5f4][%mdl 32]} 21. Rad1 h6 22. Nf1 Qc8 23. Bb5 (23. b4 $11 {remains equal.}) 23... f4 24. g4 e5 25. N1h2 $1 {[%cal Rd4e5]} Nxd4 26. Nxd4 exd4 27. Bxd4 a6 28. Bxg7 Kxg7 29. Bd3 Rde8 $1 30. c4 $2 {[#]} (30. Qf1 $17) 30... dxc4 $2 (30... Nc3 $1 $19 31. Qb2 d4 32. Rxe8 Rxe8) 31. Bxc4 Nf6 32. Qb2 {Black must now prevent Rxe8.} Qc6 {[%csl Gb7][%cal Rc6h1]} 33. f3 {g5 is the strong threat.} Re3 $2 {[%mdl 8192]} (33... b5 $11 {and Black is okay.} 34. Bd3 g5) 34. g5 $18 hxg5 ({But not} 34... Rxe1+ 35. Rxe1 hxg5 36. hxg5 $18) 35. hxg5 Rxe1+ 36. Rxe1 Qc5+ 37. Kf1 Qxg5 38. Re7+ Kh6 39. Rxb7 b5 40. Bd3 {Hoping for Ng4+!} Qd5 41. Ng4+ Kg5 42. Qe5+ Qxe5 43. Nxe5 Re8 44. Nf7+ Kh4 {Now ...Re3 and Black clings on.} 45. Rb6 Re3 46. Rxf6 {Threatens to win with Be4.} Rxd3 47. Rxf4+ {[%mdl 4096] Endgame KRN-KR} Kh5 48. b4 Rxa3 49. Kf2 Ra1 50. Rd4 Rb1 51. Nd6 (51. Rd8 $142 g5 52. Rd6 Rf1+ 53. Kxf1 Kh4 54. Kf2 Kh5 55. Rh6#) 51... g5 52. Nb7 Ra1 53. Ke3 Re1+ 54. Kd3 Rf1 55. Ke4 Re1+ 56. Kd3 Rf1 $1 57. Ke2 Ra1 58. Na5 Rc1 59. Rd3 Kh4 60. Kd2 Rf1 61. Rd4+ Kh5 62. Ke2 Rc1 $1 63. Rd8 Kh4 64. Ra8 Kg3 65. Rxa6 Rc2+ 66. Kd1 Rb2 {[#]} 67. Rg6 {Precision: White = 54%, Black = 45%.} (67. Nc6 $1 $18) 1/2-1/2

[Event "1. Bamberg-Open 2018"]
[Site "Bamberg"]
[Date "2018.05.11"]
[Round "4"]
[White "Schmidt, Justus"]
[Black "Pribyl, Josef"]
[Result "0-1"]
[WhiteElo "2136"]
[BlackElo "2268"]
[Annotator "TA"]
[PlyCount "82"]
[EventDate "2018.??.??"]
[EventType "swiss"]
[EventCountry "GER"]
[SourceTitle "playchess.com"]
[Source "ChessBase"]
[SourceQuality "1"]

{[%evp 23,82,3,8,0,0,0,7,12,0,-13,0,-13,-6,-5,0,0,2,0,0,0,21,20,39,10,10,10,13,17,27,0,0,-10,-14,-6,-8,-16,-17,-93,-89,-74,-77,-114,-87,-94,-91,-277,-281,-324,-320,-764,-764,-764,-764,-764,-764,-760,-752,-732,-615,-2801,-2268]} 1. Nf3 Nf6 2. g3 d5 3. Bg2 c5 4. O-O Nc6 5. d4 e6 6. c4 dxc4 7. dxc5 Qxd1 8. Rxd1 Bxc5 9. Nbd2 c3 10. bxc3 O-O {E04: Open Catalan: 5 Nf3} 11. Ne1 Rd8 (11... Be7 12. Nd3 Bd7 13. Nb3 b6 14. c4 Rfd8 15. Bb2 Rac8 16. Rac1 Nb4 17. Nxb4 Bxb4 18. Bb7 {1-0 (38) Le,Q (2737)-Harikrishna,P (2744) Huaian 2017}) 12. Nd3 Be7 {LiveBook: 16 Games. The position is equal.} 13. Bb2 Bd7 14. Nb3 $146 ({Predecessor:} 14. Rab1 Rac8 15. Ba1 b6 16. Nb3 {½-½ (16) Kozak,M (2229)-Chlevistan,J (2118) Ostrava 2011}) 14... Be8 15. c4 Rac8 16. Rac1 Rc7 17. Bc3 b6 18. c5 Nd5 19. Bb2 b5 20. a3 a5 {[%cal Ba7a5,Ba5a4][%mdl 32]} 21. Ne5 a4 22. Nxc6 Bxc6 23. Nd4 Be8 24. e4 Nf6 25. c6 Rb8 26. e5 Nd5 27. Nf5 Bf8 28. Bxd5 exd5 29. Rxd5 Rxc6 30. Rcd1 (30. Nd6 $1 $11) 30... b4 $17 31. axb4 Bxb4 {Hoping for ...a3.} 32. Rd8 Rcc8 33. Rxc8 Rxc8 34. e6 $2 {[#]} (34. Nd6 $17 {might work better.} Rd8 35. Rd3) 34... a3 $19 35. Be5 fxe6 36. Nxg7 $2 (36. Ne3) 36... Bf7 {Black is clearly winning.} 37. g4 Bc3 38. Bxc3 Rxc3 39. Nh5 Bxh5 40. gxh5 a2 41. Kg2 Ra3 {Precision: White = 51%, Black = 77%.} 0-1